Normal view
MARC view
- NC AROOJ KHAN NC MUHAMMAD SUHAIB HUSSAIN
Entry Personal Name
001 - CONTROL NUMBER
- control field: 73013
003 - CONTROL NUMBER IDENTIFIER
- control field: NUST
005 - DATE AND TIME OF LATEST TRANSACTION
- control field: 20210628204943.0
008 - FIXED-LENGTH DATA ELEMENTS
- fixed length control field: 210628|| aca||aabn | a|a d
040 ## - CATALOGING SOURCE
- Original cataloging agency: NUST
- Transcribing agency: NUST
100 ## - HEADING--PERSONAL NAME
- Personal name: NC AROOJ KHAN NC MUHAMMAD SUHAIB HUSSAIN
670 ## - SOURCE DATA FOUND
- Source citation: Work cat.: (NUST): NC AROOJ KHAN NC MUHAMMAD SUHAIB HUSSAIN, PR-SOF-1896-Radar Signal Processing on FPGA
